000
00276nam a2200109Ia 4500
008
220204s9999 xx 000 0 und d
082
_a
65(035)
_b
LEW
100
_a
B T
245
0
_a
Management handbook for plant engineers
260
_a
New York
_b
McGraw Hill
_c
1977
942
_c
BK
999
_c
25624
_d
25624